00357nam a2200157Ia 4500008003600000041000800036082001200044100001500056245003700071260003800108650001200146650001200158650000900170650000900179650001100188210210b xxu||||| |||| 00| 0 eng d aeng a824/220 aMILLER (W) aKing lear macbeth hamlet othello aMadrasbG A Natesan and Companyc aothello amacbeth alear aKing ahamlet